Entry Nombre personal
001 - NÚMERO DE CONTROL
- campo de control: 242377
003 - IDENTIFICADOR DE NÚMERO DE CONTROL
- campo de control: SpMaBN
005 - FECHA Y HORA DE LA ÚLTIMA TRANSACCIÓN
- campo de control: 20251017121541.0
008 - ELEMENTOS DE DATO DE LONGITUD-FIJA
- campo de control de longitud fija: 901120nn aijnnaabn a aaa
016 ## - NÚMERO DE CONTROL DE UNA AGENCIA BIBLIOGRÁFICA NACIONAL
- Número de control del registro: BNE19900184373
024 7# - IDENTIFICADOR DE OTROS ESTÁNDARES
- Número estándar o código: http://viaf.org/viaf/97006051/
- Fuente: viaf
024 8# - IDENTIFICADOR DE OTROS ESTÁNDARES
- Número estándar o código: https://data.cervantesvirtual.com/person/10481
024 7# - IDENTIFICADOR DE OTROS ESTÁNDARES
- Número estándar o código: https://isni.org/isni/0000000121445832
- Fuente: isni
024 7# - IDENTIFICADOR DE OTROS ESTÁNDARES
- Número estándar o código: http://www.wikidata.org/entity/Q23434
- Fuente: wikidata
040 ## - FUENTE DE CATALOGACIÓN
- Centro catalogador/agencia de origen: SpMaBN
- Lengua de catalogación: spa
- Centro/agencia transcriptor: SpMaBN
- Normas de descripción: rdc
- Convención/Normas de encabezamiento de materia/tesauro: embne
046 ## - FECHAS CON CODIFICACIÓN ESPECIAL
- Fecha de nacimiento: 1899
- Fecha de la muerte: 1961
100 1# - ENCABEZAMIENTO-NOMBRE DE PERSONA
- Nombre de persona: Hemingway, Ernest,
- Fechas asociadas al nombre: 1899-1961
370 ## - LUGAR ASOCIADO
- Lugar de nacimiento: Oak Park
- Fuente de información: Wikidata
372 ## - CAMPO DE ACTIVIDAD
- Campo de actividad: Periodistas
- Fuente de información: Wikidata
374 ## - OCUPACIÓN
- Ocupación: Artistas
- Ocupación: Dramaturgos
- Ocupación: Periodistas
- Ocupación: Novelistas
- Ocupación: Escritores
- Ocupación: Guionistas
- Ocupación: Corresponsales de guerra
- Fuente de información: Wikidata
375 ## - GÉNERO/SEXO
- Género: Masculino
377 ## - IDIOMA ASOCIADO
- Término de lengua/lenguaje: Inglés
400 1# - TRAZADO DE VÉASE--NOMBRE DE PERSONA
- Nombre de persona: Heminguei, Ernest
- Fechas asociadas al nombre: 1899-1961
400 1# - TRAZADO DE VÉASE--NOMBRE DE PERSONA
- Nombre de persona: Hemingway, E.
- Fechas asociadas al nombre: 1899-1961
670 ## - FUENTE DE DATOS ENCONTRADOS
- Cita de la fuente: Adiós a las armas, 1995
- Información encontrada: port. (Ernest Hemingway)
670 ## - FUENTE DE DATOS ENCONTRADOS
- Cita de la fuente: Per qui toquen les campanes, 1992
- Información encontrada: port. (E. Hemingway)
670 ## - FUENTE DE DATOS ENCONTRADOS
- Cita de la fuente: WWW LC auth. file, 28-12-2000
- Información encontrada: (Hemingway, Ernest, 1899-1961)
670 ## - FUENTE DE DATOS ENCONTRADOS
- Cita de la fuente: Dic. de escritores célebres, 1995
- Información encontrada: (Hemingway, Ernest; novelista estadounidense; corresponsal en España durante la guerra civil (Oak Park, Illinois, 1899-Ketchum, Idaho, 1961))
